000 00846cam a2200253 a 4500
001 000004345
005 20210927154631.0
008 820810s1982 sp s000 f spa
020 _a8430305394
040 _aDO-SdBNP
_cDLC
_dDLC
041 1 7 _aspa
_heng
_2Código de idioma MARC
082 _a813.409
_bT969t
100 1 _aTwain, Mark,
_d1835-1910.
_95013
245 1 0 _aTom Sawyer detective :
_bTom Sawyer /
_cMark Twain ; traducción, María Alfaro.
260 _aBarcelona :
_bRamón Sopena,
_c1982.
300 _a183 p. : ;
_c18 cm.
490 1 _aBiblioteca Sopena
_vno. 539
650 4 _aNovela estadounidense
_9262
650 0 _aLiteratura estadounidenses
_99904
700 1 _aAlfaro, María,
_etr.
_912813
700 1 _aSopena, Ramón,
_eed.
_912814
830 0 _aBiblioteca Sopena ;
_vno. 539.
_912815
910 _aCatalogación por copia/LC
999 _c4154
_d4154